000 00622cam a22002053a 4500
001 39956
003 PGUSA
005 20140828083906.0
008 120609s2012||||xxu|||||s|||||000 | eng d
040 _aPGUSA
_beng
042 _adc
100 1 _aAdeney, Walter F.
_q(Walter Frederic),
_d1849-1920
245 1 0 _aExpositor's Bible :
_bEzra, Nehemiah, and Esther
_h[electronic resource] /
_cWalter F. Adeney
260 _bProject Gutenberg,
_c2012
506 _aPublic domain in the USA.
516 _aElectronic text
830 0 _aProject Gutenberg
_v39956
856 4 0 _uhttp://www.gutenberg.org/ebooks/39956
942 _cEB
999 _c269209
_d269209